000 00604nam a22001817a 4500
008 240520b |||||||| |||| 00| 0 eng d
020 _a9993359165
082 _aN305.8/R279k
100 _aRai, Tanka Bahadur
_925483
241 _akiratharuko dharma ra saskriti : sankshipta adhyyan
245 _aकिरातहरुको धर्म र संस्कृतिः संक्षिप्त अध्ययन
260 _aKathmandu:
_bShanta Rai,
_c2060BS.
300 _b100p.
504 _aBibliography:p. 96-100
650 _aEthnic groups
653 _akirats
942 _2ddc
_cISBN
999 _c113176
_d113164